ბათუმის შოთა რუსთაველის სახელმწიფო უნივერსიტეტის ბიბლიოთეკა

Когнитивная психология (ბიბ.ჩანაწერი № 35213)

000 -LEADER
fixed length control field 00672nam a2200253Ia 4500
001 - CONTROL NUMBER
control field 1059
003 - CONTROL NUMBER IDENTIFIER
control field GE_BSU
008 - FIXED-LENGTH DATA ELEMENTS--GENERAL INFORMATION
fixed length control field 181216s||||||||xx |||||||||||||| ||und||
040 ## - CATALOGING SOURCE
Transcribing agency GE_BSU
080 ## - UNIVERSAL DECIMAL CLASSIFICATION NUMBER
Universal Decimal Classification number 159.928.235
100 ## - MAIN ENTRY--PERSONAL NAME
Personal name Сосло, Роберт
245 ## - TITLE STATEMENT
Title Когнитивная психология
245 ## - TITLE STATEMENT
Remainder of title Серия "Мастера психологии
250 ## - EDITION STATEMENT
Edition statement 6-е изд.
260 ## - PUBLICATION, DISTRIBUTION, ETC.
Place of publication, distribution, etc. СПБ
260 ## - PUBLICATION, DISTRIBUTION, ETC.
Name of publisher, distributor, etc. Питер
260 ## - PUBLICATION, DISTRIBUTION, ETC.
Date of publication, distribution, etc. 2006
300 ## - PHYSICAL DESCRIPTION
Extent 589стр.
653 ## - INDEX TERM--UNCONTROLLED
Uncontrolled term Когнитивная психология
653 ## - INDEX TERM--UNCONTROLLED
Uncontrolled term Психология
653 ## - INDEX TERM--UNCONTROLLED
Uncontrolled term ფსიქოლოგია
942 ## - ADDED ENTRY ELEMENTS (KOHA)
Koha item type წიგნი
ეგზემპლარები
Withdrawn status Lost status Damaged status Not for loan Date acquired Barcode Date last seen Price effective from Koha item type
        2018-12-17 1184 2018-12-17 2018-12-17 წიგნი